01203nam a2200277Ia 4500001001100000003000500011008004100016010001100057040000900068090002200077100003700099245026300136260003400399300002200433502010500455700004800560710005800608901002200666902000600688905006300694910000900757942000900766942001200775999001900787952011900806Para_10228CHAP220125sSept xx 000 0 und d a208914 cCHAP aPA CD - TESIS 273 aOlmos Cervantes, Rosalva9126565 aSensibilidad de la antracnosis (Colletotrichum gloeosporioides Penz) del aguacate (Persea americana Mill), a fungicidas benzimidazoles, estrobirulinas y cloronitrilos, en Cheratillo, Michaocán /c Rosalva Olmos Cervantes; Director Santos Gerardo Leyva Mir aChapingo, Méx. :b el autor a1 CDS ROM (56 p.) aTesis (Ing. Agr. Esp. en Parasitología Agrícola). UACh. Departamento Parasitología Agrícola aLeyva Mir, Santos Gerardo. Director9171335 aUACh. Departamento Parasitología Agrícola9164025 aPA CD - TESIS 273 aM a513220Septiembre,2013 abnm8800000000 06 aSept cPARA cPARAd2 c208914d208914 00102local4051708TESISaPAbPAc10d2015-04-13fPARAl0pPA_010396r2022-01-25 00:00:00t1w2022-01-25yTDz3